Textbook of Applied Microbiology Infection Control & Safety for B.Sc. Nursing III Semester (Record no. 359267)
[ view plain ]
| 000 -LEADER | |
|---|---|
| fixed length control field | 00505nam a22001697a 4500 |
| 005 - DATE AND TIME OF LATEST TRANSACTION | |
| control field | 20240820154840.0 |
| 008 - FIXED-LENGTH DATA ELEMENTS--GENERAL INFORMATION | |
| fixed length control field | 240807b |||||||| |||| 00| 0 eng d |
| 020 ## - INTERNATIONAL STANDARD BOOK NUMBER | |
| International Standard Book Number | 978-93-93885-88-3 |
| 041 ## - LANGUAGE CODE | |
| Language code of text/sound track or separate title | English |
| 082 ## - DEWEY DECIMAL CLASSIFICATION NUMBER | |
| Classification number | M 616.01 ADH DB1262 |
| 100 ## - MAIN ENTRY--PERSONAL NAME | |
| Author | Adhikari Uma Rani |
| 245 ## - TITLE STATEMENT | |
| Title | Textbook of Applied Microbiology Infection Control & Safety for B.Sc. Nursing III Semester |
| 260 ## - PUBLICATION, DISTRIBUTION, ETC. | |
| Place of publication, distribution, etc. | Bangalore |
| Name of publisher, distributor, etc. | EMMESS Medical Publishers |
| Date of publication, distribution, etc. | 2024 |
| 300 ## - PHYSICAL DESCRIPTION | |
| Extent | 316p |
| 365 ## - TRADE PRICE | |
| Price amount | 595.00 |
| 942 ## - ADDED ENTRY ELEMENTS (KOHA) | |
| Koha item type | Donated Book |
| Withdrawn status | Lost status | Source of classification or shelving scheme | Damaged status | Not for loan | Home library | Current library | Date acquired | Net Price | Bill number | Full call number | Barcode | Date last seen | Bill Date | Koha item type | Original Barcode |
|---|---|---|---|---|---|---|---|---|---|---|---|---|---|---|---|
| Dewey Decimal Classification | Smt. Bakul Tambat Institute of Nursing Education | Smt. Bakul Tambat Institute of Nursing Education | 08/08/2024 | 595.00 | IK#2024-25#129 | M 616.01 ADH DB1262 | BTIN-DB-1262 | 07/08/2024 | 08/08/2024 | Donated Book | DB1262 |